000 00906nam a2200217 i 4500
001 114783
003 ES-MaACL
005 20231220144654.0
007 t|
008 070327s1928 sp |||| |bspa d
080 _a929 Molina, Tirso de
100 1 _aRíos, Blanca de los,
_d1859-1956
_997357
245 1 3 _aEl enigma biográfico de Tirso de Molina
_b: conferencia /
_cpor Blanca de los Ríos de Lampérez.
260 _aMadrid :
_bAlberto Fontana,
_c1928.
300 _a75 p., 1 lám ;
_c21 cm.
500 _aEn port.: Conferencia leída por su autora en la Real Academia de Jurisprudencia y Legislación, el 30 de abril de 1928. Índice de los documentos descubiertos por la autora, o por primera vez incorporados por ella a la biografía de Tirso.
600 1 4 _aMolina, Tirso de,
_d1579-1648
_9226522
852 _aES-MaACL
_j1729-F-19
852 _aES-MaACL
_jF-14459
999 _c114783
_d114783